Comprehensive Textbook On Nursing Foundation for GNM (Record no. 356804)
[ view plain ]
| 000 -LEADER | |
|---|---|
| fixed length control field | 00512nam a22001817a 4500 |
| 005 - DATE AND TIME OF LATEST TRANSACTION | |
| control field | 20231228152913.0 |
| 008 - FIXED-LENGTH DATA ELEMENTS--GENERAL INFORMATION | |
| fixed length control field | 231228b |||||||| |||| 00| 0 eng d |
| 020 ## - INTERNATIONAL STANDARD BOOK NUMBER | |
| International Standard Book Number | 978-81-945700-5-9 |
| 041 ## - LANGUAGE CODE | |
| Language code of text/sound track or separate title | eng |
| 082 ## - DEWEY DECIMAL CLASSIFICATION NUMBER | |
| Edition number | 1st |
| Classification number | F/610.73/VEN/B10681 |
| Item number | VEN |
| 100 ## - MAIN ENTRY--PERSONAL NAME | |
| Author | Venkatesan B and Others |
| 245 ## - TITLE STATEMENT | |
| Title | Comprehensive Textbook On Nursing Foundation for GNM |
| 250 ## - EDITION STATEMENT | |
| Edition statement | 1st |
| 260 ## - PUBLICATION, DISTRIBUTION, ETC. | |
| Place of publication, distribution, etc. | Bangalore |
| Name of publisher, distributor, etc. | EMMESS Pub. |
| Date of publication, distribution, etc. | 2023 |
| 300 ## - PHYSICAL DESCRIPTION | |
| Extent | 400p |
| Other physical details | Pb |
| Dimensions | 27.5X21cm |
| 365 ## - TRADE PRICE | |
| Price type code | Rupaye |
| Price amount | 425.00 |
| Currency code | INR |
| 942 ## - ADDED ENTRY ELEMENTS (KOHA) | |
| Koha item type | Books |
| Withdrawn status | Lost status | Source of classification or shelving scheme | Damaged status | Not for loan | Home library | Current library | Date acquired | Vendor | Net Price | Bill number | Total Checkouts | Total Renewals | Full call number | Barcode | Date last seen | Date last checked out | Discount | Actual Price | Bill Date | Koha item type | Original Barcode |
|---|---|---|---|---|---|---|---|---|---|---|---|---|---|---|---|---|---|---|---|---|---|
| Dewey Decimal Classification | Smt. Bakul Tambat Institute of Nursing Education | Smt. Bakul Tambat Institute of Nursing Education | 11/12/2023 | Varad Enterprises | 625.00 | 79 | 7 | 2 | F610.73 VEN B10681 | BTIN-BK-10681 | 25/10/2024 | 30/09/2024 | 32% | 425.00 | 08/12/2023 | Books | BTIN-BK-10681 | ||||
| Dewey Decimal Classification | Smt. Bakul Tambat Institute of Nursing Education | Smt. Bakul Tambat Institute of Nursing Education | 11/12/2023 | Varad Enterprises | 625.00 | 79 | 7 | F610.73 VEN B10682 | BTIN-BK-10682 | 30/01/2026 | 29/01/2026 | 32% | 425.00 | 08/12/2023 | Books | BTIN-BK-10682 | |||||
| Dewey Decimal Classification | Smt. Bakul Tambat Institute of Nursing Education | Smt. Bakul Tambat Institute of Nursing Education | 11/12/2023 | Varad Enterprises | 625.00 | 79 | 7 | 1 | F610.73 VEN B10683 | BTIN-BK-10683 | 07/05/2025 | 03/05/2025 | 32% | 425.00 | 08/12/2023 | Books | BTIN-BK-10683 | ||||
| Dewey Decimal Classification | Smt. Bakul Tambat Institute of Nursing Education | Smt. Bakul Tambat Institute of Nursing Education | 11/12/2023 | Varad Enterprises | 625.00 | 79 | 9 | 2 | F610.73 VEN B10684 | BTIN-BK-10684 | 30/01/2026 | 29/01/2026 | 32% | 425.00 | 08/12/2023 | Books | BTIN-BK-10684 | ||||
| Dewey Decimal Classification | Smt. Bakul Tambat Institute of Nursing Education | Smt. Bakul Tambat Institute of Nursing Education | 11/12/2023 | Varad Enterprises | 625.00 | 79 | 7 | F610.73 VEN B10685 | BTIN-BK-10685 | 29/09/2025 | 23/09/2025 | 32% | 425.00 | 08/12/2023 | Books | BTIN-BK-10685 |